00775nam a2200169 a 4500041000800000100002400008245007400032260005100106300001100157520030000168650001500468650001900483650001900502650003900521650001700560650002800577 aspa aArango Caro, Sandra aEcología y etnobotánica de plantas útiles de la Región Andina aBogotabInstituto Alexander von Humboldtc2005 a11 p. aSe compiló y sistematizó la información secundaria sobre la ecología y etnobotánica de especies seleccionadas de la región andina, de interés para los planes de uso sostenible y para implementar herramientas de manejo del paisaje como cercos vivos, corredores biológicos y otras. aEcología aEtnobotánica aUso sostenible aHerramientas de Manejo del Paisaje aCercos vivos aCorredores biológicos